Das Aceton (Запись № 12468190)

Подробности
000 -МАРКЕР
контрольное поле 03075nam0a2200433 4500
001 - ИДЕНТИФИКАТОР ЗАПИСИ
контрольное поле RU\NLR\BIBL_A\012863904
005 - ИДЕНТИФИКАТОР ВЕРСИИ
контрольное поле 20250624185556.0
010 ## - МЕЖДУНАРОДНЫЙ СТАНДАРТНЫЙ НОМЕР КНИГИ (ISBN)
Номер (ISBN) 978-5-94396-238-7
Тираж 300
021 ## - НОМЕР ГОСУДАРСТВЕННОЙ РЕГИСТРАЦИИ
Код страны российская федерация
Номер 2022-35868
Номер Листа государственной регистраци КН-П-3072
035 ## - ДРУГИЕ СИСТЕМНЫЕ НОМЕРА
Идентификатор записи (RuMoRGB)011098691
035 ## - ДРУГИЕ СИСТЕМНЫЕ НОМЕРА
Идентификатор записи (NLR Aleph) 012863904
100 ## - ДАННЫЕ ОБЩЕЙ ОБРАБОТКИ
Данные общей обработки 20220810d2022 |||y0rusy50 ca
101 1# - ЯЗЫК РЕСУРСА
Язык текста, звукозаписи и т.д. русский
Язык оригинала немецкий
-- латинский
102 ## - СТРАНА ПУБЛИКАЦИИ ИЛИ ПРОИЗВОДСТВА
Страна публикации российская федерация
105 ## - ПОЛЕ КОДИРОВАННЫХ ДАННЫХ: ТЕКСТОВЫЕ МАТЕРИАЛЫ, МОНОГРАФИЧЕСКИЕ
Кодированные данные о монографическом текстовом документе ah z 000zy
181 #0 - ПОЛЕ КОДИРОВАННЫХ ДАННЫХ: ВИД СОДЕРЖАНИЯ
Код вида содержания (ISBD) i
Код характеристики содержания (ISBD) axxe
182 #0 - ПОЛЕ КОДИРОВАННЫХ ДАННЫХ: ТИП СРЕДСТВА
Код типа средства (ISBD) n - непосредственное
200 1# - ЗАГЛАВИЕ И СВЕДЕНИЯ ОБ ОТВЕТСТВЕННОСТИ
Основное заглавие Das Aceton
Сведения, относящиеся к заглавию ацетон (ацетонол), секретный "винный дух" адептов
Первые сведения об ответственности К. А. Беккер
Последующие сведения об ответственности перевод с немецкого Г. А. Борисовой
-- пер. с лат., ред. и коммент. Ю. Ф. Родиченкова
-- пер. с нем. и лат., коммент. и ред. А. Тесман
-- послесл. Б. К. Двинянинова
203 ## - ВИД СОДЕРЖАНИЯ И ТИП СРЕДСТВА
Вид содержания Текст
Дополнительные сведения об издании визуальный
Тип средства непосредственный
210 ## - ПУБЛИКАЦИЯ, РАСПРОСТРАНЕНИЕ И ДР.
Место издания, распространения и т.д. Санкт-Петербург
Имя издателя, распространителя и т. д. Академия исследований культуры
Дата издания, распространения и т.д. 2022
215 ## - ФИЗИЧЕСКАЯ ХАРАКТЕРИСТИКА
Специфическое обозначение материала и объем 129, [1] с.
Другие сведения о физической характеристике ил., факс.
Размеры 17
225 1# - СЕРИЯ
Основное заглавие серии Librarium Aureum
225 1# - СЕРИЯ
Основное заглавие серии Серия "Librarium Aureum" (Opus Minus)
320 ## - ПРИМЕЧАНИЯ О НАЛИЧИИ В ДОКУМЕНТЕ БИБЛИОГРАФИИ / УКАЗАТЕЛЯ
Текст примечания Библиогр.: с. 129-130
320 ## - ПРИМЕЧАНИЯ О НАЛИЧИИ В ДОКУМЕНТЕ БИБЛИОГРАФИИ / УКАЗАТЕЛЯ
Текст примечания Библиогр. в подстроч. примеч.
330 ## - РЕЗЮМЕ ИЛИ РЕФЕРАТ
Текст примечания Трактат Das Aceton Кристиана Августа Беккера, популярный в алхимических и розенкрейцерских кругах, вышел в свет в Германии в 1862 году и был переиздан пять лет спустя. Труд Беккера, титулованного практикующего врача и приверженца парацельсианских идей, считается наиболее полным из известных справочников по использованию ацетона в алхимии, большей частью он посвящен поиску Философского ацетона. Если химический ацетон представляет собой органическое соединение, простейший кетон; бесцветную, летучую и легковоспламеняющуюся жидкость, то Философский ацетон имеет сугубо алхимическое значение. Книга впервые публикуется на русском языке
333 ## - ПРИМЕЧАНИЯ ОБ ОСОБЕННОСТЯХ РАСПРОСТРАНЕНИЯ И ИСПОЛЬЗОВАНИЯ
Текст примечания 16+
606 1# - НАИМЕНОВАНИЕ ТЕМЫ КАК ПРЕДМЕТ
Наименование темы Алхимия
Формальный подзаголовок Источники и источниковедение
Системный номер авторитетной/нормативной записи 937580
Идентификатор авторитетной/нормативной записи RU\NLR\AUTH\6627704
606 1# - НАИМЕНОВАНИЕ ТЕМЫ КАК ПРЕДМЕТ
Наименование темы Ацетон
Тематический подзаголовок Производство
Системный номер авторитетной/нормативной записи 1071339
Идентификатор авторитетной/нормативной записи RU\NLR\AUTH\6698777
675 ## - УНИВЕРСАЛЬНАЯ ДЕСЯТИЧНАЯ КЛАССИФИКАЦИЯ (UDC/УДК)
Индекс 133.5:54
Издание 4
686 1# - ИНДЕКСЫ ДРУГИХ КЛАССИФИКАЦИЙ
Индекс Э391.4,1
686 1# - ИНДЕКСЫ ДРУГИХ КЛАССИФИКАЦИЙ
Индекс Л614.514
686 1# - ИНДЕКСЫ ДРУГИХ КЛАССИФИКАЦИЙ
Индекс Г.г(0)41
700 #1 - ИМЯ ЛИЦА - ПЕРВИЧНАЯ ОТВЕТСТВЕННОСТЬ
Начальный элемент ввода Беккер
Часть имени, кроме начального элемента ввода К. А.
Расширение инициалов личного имени Кристиан Август
942 ## - ДОПОЛНИТЕЛЬНЫЕ ЭЛЕМЕНТЫ ЗАПИСИ (АБИС)
Тип экземпляра АБИС Книга
980 ## - КОЛЛЕКЦИЯ
Название коллекции Национальная библиография
Экземпляры
Тип экземпляра Дата поступления Источник поступления Библиотека постоянного хранения Библиотека текущего хранения Место хранения Шифр хранения Штрих-код Статус не для выдачи
Книга 10.08.2022 Обязательный экземпляр РНБ (Московский) РНБ (Московский) Русский книжный фонд: издания с 1957 года, 8этаж, Хран. 2022-2/1780 1-3930838  
Книга 10.08.2022 Обязательный экземпляр РНБ (Московский) РНБ (Московский) Русский книжный фонд: издания с 1957 года, 8этаж, Хран. 2022-2/1780 1-3930834